Súčasné trendy vo vývoji produkcie na Slovensku

Prejavy vysokého ekonomického rastu na Slovensku v roku 2005 v jednotlivých segmentoch ponukovej stránky ekonomiky, a to z hľadiska ich dynamiky, ako aj zmien v ich štruktúre. Analýza vývoja hrubého domáceho produktu v jeho odvetvovej štruktúre, trendov vo vývoji hlavných odvetví a zmien vo finančne...

Description complète

Enregistré dans:
Détails bibliographiques
Auteur principal: Gabrielová, Herta
Format: Chapitre de livre
Langue:slovaque
Sujets:
Tags: Ajouter un tag
Pas de tags, Soyez le premier à ajouter un tag!

MARC

LEADER 00000naa$a2200000$$$4500
001 0045239
005 20231102105934.9
041 0 |a slo 
044 |a SK 
245 1 0 |a Súčasné trendy vo vývoji produkcie na Slovensku  |c Herta Gabrielová 
520 |a Prejavy vysokého ekonomického rastu na Slovensku v roku 2005 v jednotlivých segmentoch ponukovej stránky ekonomiky, a to z hľadiska ich dynamiky, ako aj zmien v ich štruktúre. Analýza vývoja hrubého domáceho produktu v jeho odvetvovej štruktúre, trendov vo vývoji hlavných odvetví a zmien vo finančnej pozícií korporácií. Vývoj zahraničného obchodu, osobitne z hľadiska zmien v jeho technologickej náročnosti. 
610 2 0 |a situácia hospodárska 
610 2 0 |a Slovensko 
610 2 0 |a rast hospodársky 
610 2 0 |a výkonnosť ekonomiky 
610 2 0 |a produkt domáci hrubý 
610 2 0 |a odvetvia činnosti ekonomickej 
610 2 0 |a korporácie 
100 1 |a Gabrielová, Herta